000 00181nam a2200073Ia 4500
008 170817s9999 xx 000 0 und d
100 _aTRIPATHI
245 0 _aADHUNIK PRAYOGATTMAK MANOVIGYAN
260 _bH.P. BHARGAV
999 _c36130
_d36130